Open Data Biblioteca Nacional de Portugal


República Portuguesa: Ministério da Cultura
Biblioteca Nacional de Portugal

Catálogo da BNP: acesso por Identificadores Unívocos
Registos Bibliográficos associados ao registo de autoridade

Etiqueta de registo: 00254nam 2200025 450
001 2288564
003 http://id.bnportugal.gov.pt/bib/catbnp/2288564
100 ## $a20260623d2025 k y0pory01030103ba
101 0# $aeng$dpor
102 ## $aPT
105 ## $aa m 001yy
106 ## $ar
200 1# $aConditional sculpture$ebalancing the real and the imagined through fictive objects in contemporary art practice$fRajaa Khalife Paixão$gorient. José Manuel da Silva Teixeira
210 #9 $aLisboa$c[s.n.],$d2025
215 ## $a[14], II, 385 p.$cil$d30 cm
328 #1 $aTese dout. Belas-Artes (Escultura), Faculdade de Belas-Artes da Universidade de Lisboa, 2025
700 #1 $aPaixão,$bRajaa Khalife$32001343
702 #1 $aTeixeira,$bJosé Manuel da Silva,$f1960-$4727$31153414
801 #0 $aPT$bBN$gRPC
966 ## $lBN$mFGMON$x1
971 ## $cisantos$d20260623

OpendataBNP@bnportugal.pt | Mais informação sobre acesso aos dados BNP